Statistiken für Städte in der Pokémon Almia-Region auf einer Karte

Klicken Sie hier um das Quiz zu spielen!

Allgemein

  • Dieses Quiz wurde 26 mal gespielt
  • Das Durchschnittsergebnis liegt bei 7 aus 10

Antworten auf der Karte

Die Antworten werden auf der Karte rot bzw. grün angezeigt, abhängig davon wie oft sie richtig erraten wurden.
 

Antwortstatistiken

Antwort% Korrekt
Altru GmbH
84%
Camp Fröstel
79%
Havebrück
79%
Brisenau
68%
Fang-Arena
68%
Haruba-Dorf
68%
Ranger-Schule
68%
Ranger-Vereinigung
68%
Brodellande
63%
Schikolingen
63%

Verteilung der Resultate

Perzentil nach korrekt beantworteten Fragen

Anzahl Personen mit jedem Resultat

Ihre Resultats-Entwicklung

Sie haben dieses Quiz noch nicht gespielt